All I Want - Kodaline (Lyrics) - Statistics

General Stats
  • This quiz has been taken 73 times
  • The average score is 145 of 164
Answer Stats
Answer % Correct
a
100%
A
100%
All
100%
all
100%
I
100%
is
100%
to
100%
want
100%
When
100%
more
98%
my
98%
nothing
98%
you
98%
You
98%
and
96%
at
96%
door
96%
hear
96%
if
96%
leave
96%
love
96%
me
96%
me?
96%
your
96%
die
93%
need
93%
see
93%
face
91%
I’m
91%
in
91%
knocking
91%
last
91%
loved
91%
once
91%
So
91%
why’d
91%
body
89%
But
89%
could
89%
goodbye
89%
happy
89%
inside
89%
little
89%
said
89%
somebody
89%
sure
89%
Take
89%
take
89%
died
87%
find
87%
man
87%
bit
84%
oh
82%
side
82%
by
80%
I’ll
78%
the
78%
like
76%
Like
76%
out
76%
best
73%
never
73%
night
73%
of
73%
tears
73%
took
73%
bed
71%
‘Cause
71%
I’d
71%
part
71%
was
71%
without
71%
clean
69%
seen
69%
for
67%
made
67%
movie
67%
Our
67%
screens
67%
soul
67%
brought
64%
it
64%
lay
64%
Alone
62%
wiped
56%
loves
24%
No matching quizzes found
Score Distribution
Percent of People with Each Score
Percentile by Number Answered
Your Score History
You have not taken this quiz